000 00449cam a2200181ua 4500
001 5046
008 120227n ii |||gr||||Z||||||eng
020 _a81-7596-059-0
040 _cMAIN
082 _a823
100 _aWoolf, Virginia,
_eAuthor,
245 1 1 _aRose of one own
_cby Virginia Woolf
250 _a1st.
260 _aNew Delhi:
_bFoundation books pvt. ltd.,
_c2006.
300 _a156p:
_c23cm.
653 _aEnglish fiction
942 _cBK
999 _c4230
_d4230